Loading...
| Mythology | 0 | 3 | 0 | 1 | 30 | 113 | 120.00 | 0 | 2 |
| History - European History | 0 | 3 | 0 | 1 | 30 | 78 | 121.67 | 1 | 3 |
| History - World History | 0 | 3 | 0 | 2 | 30 | 107 | 115.00 | 0 | 2 |
| History - American History | 0 | 3 | 0 | 0 | 30 | 55 | 79.00 | 2 | 3 |
| History - Other History | 0 | 2 | 0 | 0 | 20 | 89 | 90.50 | 0 | 2 |
| Science - Other Science | 0 | 2 | 0 | 0 | 20 | 81 | 83.50 | 0 | 1 |
| Social Science | 0 | 2 | 0 | 1 | 20 | 97 | 108.00 | 0 | 2 |
| Science - Biology | 0 | 2 | 0 | 0 | 20 | 98 | 98.50 | 1 | 2 |
| Philosophy | 0 | 2 | 1 | 0 | 15 | 29 | 80.50 | 1 | 1 |
| Literature - World Literature | 0 | 1 | 0 | 0 | 10 | 131 | 131.00 | 0 | 1 |
| Literature - British Literature | 0 | 1 | 0 | 1 | 10 | 140 | 140.00 | 0 | 1 |
| Current Events | 0 | 1 | 0 | 0 | 10 | 75 | 75.00 | 1 | 1 |
| Other Academic | 0 | 1 | 0 | 1 | 10 | 140 | 140.00 | 0 | 1 |
| Literature - European Literature | 0 | 0 | 0 | 0 | 0 | 0.00 | 0 | 0 | |
| Science - Physics | 0 | 0 | 0 | 0 | 0 | 0.00 | 0 | 0 | |
| Fine Arts - Painting and Sculpture | 0 | 0 | 0 | 0 | 0 | 0.00 | 0 | 0 | |
| Science - Chemistry | 0 | 0 | 1 | 0 | -5 | 0.00 | 0 | 0 |